Normal view
MARC view
Entry Personal Name
001 - CONTROL NUMBER
- control field: 52675
003 - CONTROL NUMBER IDENTIFIER
- control field: dpl
005 - DATE AND TIME OF LATEST TRANSACTION
- control field: 20120927110904.0
008 - FIXED-LENGTH DATA ELEMENTS
- fixed length control field: 120927|||a|||||| | ||| d
040 ## - CATALOGING SOURCE
- Original cataloging agency: dpl
- Transcribing agency: dpl
100 ## - HEADING--PERSONAL NAME
- Personal name: شا ءيستہ فا خر ی
670 ## - SOURCE DATA FOUND
- Source citation: Work cat.: (dpl): شا ءيستہ فا خر ی, ا د ا س لمحو ن کی خو د کلا می, 2011
670 ## - SOURCE DATA FOUND
- Source citation: Work cat.: (dpl): شا ءيستہ فا خر ی, ا د ا س لمحو ن کی خو د کلا می, 2011
